000 00909nam a22002057a 4500
001 8004
003 FISKH
005 20250818150240.0
008 250818b cb ||||| |||| 00| 0 eng d
020 _a9781445459462
040 _aFISKH
_beng
_cFISKH
_dFISKH591.47
082 _a591.47
100 _aAnonymous
245 _aWhy do animals have tails? :
_bDiscovery kids /
260 _aUnited Kingdom ;
_bParragon Books,
_c2011.
300 _a47 pages :
_bcolor illustrations ;
_c28 cm
520 _aThis nonfiction children’s book explores the fascinating reasons why animals have tails. It explains how tails are used for balance, communication, protection, attracting mates, and survival in the wild. The book is written in a fun, accessible way for young readers, with colorful illustrations and interesting facts that spark curiosity about the animal kingdom.
942 _2ddc
_cBK
_n0
999 _c8004
_d8004